000
00307nam a22001217a 4500
020
_a
978-969-35-1040-2
040
_c
CL
100
_a
Nazir Ahmad Chaudhry
_9
28550
245
_a
Lahore Fort A Witness to History
260
_a
Lahore:
_b
Sang e Meel Publications,
_c
1999.
300
_a
405p.
942
_2
ddc
_c
BK
999
_c
612872
_d
612872